| 000 | 008350am a2200217 004500 | ||
|---|---|---|---|
| 003 | EG-GiCUC | ||
| 008 | 061113s2000 ua lb g 000 0aara d | ||
| 040 |
_aEG-GiCUC _bara _cEG-GiCUC |
||
| 092 | 0 | 4 |
_a247.1092 _bR4496 _221 |
| 099 |
_a04 _a247.1092 R4496 |
||
| 245 | 1 | 0 |
_aفى رحاب الامام الشيرازى : _bالقائد-الاسوة / _cاعداد المؤسسة العالمية لاحياء تراث الامام الشيرازى |
| 250 | _aط1 | ||
| 260 |
_aبيروت : لبنان : _bمؤسسة المجتبى : _c2002 |
||
| 300 |
_a95 ؛ _c18سم |
||
| 650 | 7 |
_aالشيعة _vتراجم _2qrmak |
|
| 700 | 0 |
_aالمؤسسة العالمية لاحياء تراث الامام الشيرازى _eمعد |
|
| 902 | _a1 | ||
| 905 |
_aالهام _eمدخل |
||
| 905 |
_aبلتاجى _eمراجع |
||
| 942 |
_2ddc _cBK |
||
| 999 |
_c88970 _d88970 |
||